000 00474nam a2200169Ia 4500
008 220216s9999 xx 000 0 und d
100 _aArcher B L
245 0 _aStudies on composition of latex serum and bottom fraction particles
260 _bJournal of the Rubber Research Institute of Malaya
_c1969
300 _a560-569
650 _aBottom fraction
650 _aLatex
700 _aAudley B G
700 _aHong Tan Chee
700 _aMcSweeney G
942 _cJS
999 _c69564
_d69564